| 000 | 01686nam0a2200313 4500 | ||
|---|---|---|---|
| 001 | RU\NLR\BIBL_A\011316768 | ||
| 005 | 20170313160917.0 | ||
| 010 |
_a978-5-7046-1718-1 _9200 |
||
| 021 |
_aRU _b2016-98152 _96525 |
||
| 035 | _a(NLR Aleph) 011316768 | ||
| 090 |
_a11053942 _c11053942 |
||
| 100 | _a20170127d2016 u y0rusy50 ca | ||
| 101 | 0 | _arus | |
| 102 | _aRU | ||
| 105 | _aa|||j|||000zy | ||
| 200 | 1 |
_aПаровые котлы _eучебное пособие по курсу "Паровые котлы" для студентов, обучающихся по направлению "Энергетическое машиностроение" _fМ.А. Изюмов, В.М. Супранов, К.А. Плешанов _gМ-во образования и науки Рос. Федерации, Нац. исслед. ун-т "МЭИ" |
|
| 210 |
_aМосква _cИзд-во МЭИ _d2016 |
||
| 215 |
_a44, [1] с. _cил. _d21 |
||
| 320 | _aБиблиогр.: с. 36 (8 назв.) | ||
| 606 | 1 |
_aПаровые котлы _jУчебные издания для высших учебных заведений _9891603 _3RU\NLR\AUTH\662227 |
|
| 686 | 1 | _aЗ361я73-1 | |
| 700 | 1 |
_7ca _8rus _aИзюмов _bМ. А. _cканд. техн. наук, теплоэнергетика _gМихаил Александрович _92710968 _3RU\NLR\AUTH\770294207 |
|
| 701 | 0 |
_aСупранов _bВ. М. _gВиктор Михайлович |
|
| 701 | 1 |
_7ca _8rus _aПлешанов _bК. А. _gКонстантин Александрович _92710977 _3RU\NLR\AUTH\770294216 |
|
| 942 | _cBOOK | ||
| 980 | _aNBR | ||
| 980 | _aNB | ||